| 000 | 00800nam a22002297a 4500 | ||
|---|---|---|---|
| 003 | PILC | ||
| 005 | 20150820152201.0 | ||
| 008 | 131217b xxu||||| |||| 00| 0 eng d | ||
| 020 | _a9781455753901 | ||
| 050 |
_aRT 62 _b.V819 2014 |
||
| 100 | _aDe Wit, Susan C. | ||
| 245 |
_aVirtual clinical excursions for De Wit's fundamental concepts and skills for nursing / _cSusan C. De Wit, Kim D. Cooper. |
||
| 250 | _a4th edition. | ||
| 260 |
_aMaryland Heights, Mo. : _bElsevier/Saunders, _c2014. |
||
| 300 |
_avi, 210 pages : _billustrations ; _c28 cm. |
||
| 650 |
_aNursing _vStudy and teaching _xSoftware. |
||
| 650 |
_aNursing _xExaminations, questions, etc. |
||
| 650 |
_aNursing _xProblems, exercises, etc. |
||
| 700 |
_aCooper, Kim D. _eAuthor. |
||
| 942 |
_2lcc _cBK _kFOR |
||
| 999 |
_c25865 _d25865 |
||